000 00540nam a2200217Ia 4500
003 OSt
005 20220928143304.0
006 a|||||r|||| 00| 0
007 ta
008 220927b |||||||| |||| 00| 0 eng d
024 _a21576
037 _cTextual
040 _aSDCL
_cSDCL
_beng
041 _2eng
_aeng
082 _aO-,3M19,1:g, L7
100 _aHornback Bert g Ed.
_9505023
245 0 _aMiddlemarch.
260 _c1977
942 _hO-,3M19,1:g, L7
_cTEXL
_2CC
999 _c823614
_d823614